Sample tasks from the PISA 2000 assessment reading, mathematical and scientific literacy
Enregistré dans:
| Collectivité auteur: | |
|---|---|
| Format: | Livre |
| Langue: | anglais |
| Publié: |
Paris
OECD
2002
|
| Sujets: | |
| Tags: |
Pas de tags, Soyez le premier à ajouter un tag!
|
MARC
| LEADER | 00000nam a2200000 4500 | ||
|---|---|---|---|
| 001 | c134454 | ||
| 005 | 20221124094810.4 | ||
| 020 | |a 92-64-19765-6 | ||
| 041 | 0 | |a eng | |
| 044 | |a FR | ||
| 245 | 1 | 0 | |a Sample tasks from the PISA 2000 assessment |b reading, mathematical and scientific literacy |
| 264 | 1 | |a Paris |b OECD |c 2002 | |
| 300 | |a 117 s. | ||
| 610 | 2 | 0 | |a vzdelávanie |
| 610 | 2 | 0 | |a školy |
| 610 | 2 | 0 | |a študenti |
| 610 | 2 | 0 | |a gramotnosť |
| 610 | 2 | 0 | |a spolupráca medzinárodná |
| 610 | 2 | 0 | |a programy študijné |
| 610 | 2 | 0 | |a plán učebný |
| 610 | 2 | 0 | |a literatúra |
| 610 | 2 | 0 | |a veda |
| 610 | 2 | 0 | |a matematika |
| 610 | 2 | 0 | |a Európa |
| 610 | 2 | 0 | |a svet |
| 610 | 2 | 0 | |a OECD |
| 710 | 2 | |a Programme for International Student Assessment (OECD) | |